Text Book of Fluid Mechanics and Hydraulic Machines (Record no. 10379)

MARC details
000 -LEADER
fixed length control field 00411nam a22001577a 4500
003 - CONTROL NUMBER IDENTIFIER
control field OSt
008 - FIXED-LENGTH DATA ELEMENTS--GENERAL INFORMATION
fixed length control field 210115b ||||| |||| 00| 0 eng d
020 ## - INTERNATIONAL STANDARD BOOK NUMBER
International Standard Book Number 978812916660
100 ## - MAIN ENTRY--PERSONAL NAME
Personal name RAJPUT, RK
245 ## - TITLE STATEMENT
Title Text Book of Fluid Mechanics and Hydraulic Machines
250 ## - EDITION STATEMENT
Edition statement 1st Ed reprint 2014
260 ## - PUBLICATION, DISTRIBUTION, ETC. (IMPRINT)
Place of publication, distribution, etc New Delhi
Name of publisher, distributor, etc S.Chand and Company Pvt ltd
Date of publication, distribution, etc 2014
300 ## - PHYSICAL DESCRIPTION
Extent MISC
650 ## - SUBJECT ADDED ENTRY--TOPICAL TERM
Topical term or geographic name as entry element BCE
942 ## - ADDED ENTRY ELEMENTS (KOHA)
Source of classification or shelving scheme Dewey Decimal Classification
Koha item type Text Books
Holdings
Withdrawn status Lost status Source of classification or shelving scheme Damaged status Not for loan Collection code Home library Current library Date acquired Source of acquisition Currency Cost, normal purchase price Bill Number Total Checkouts Acc. no. / Barcode Date last seen Bill Date Koha item type
    Dewey Decimal Classification     B.Tech(CE) PIET C-LIBRARY PIET C-LIBRARY 15/05/2015 Pankaj Book depot IN Rupees 525.00 AS390   26360 15/01/2021 25/05/2015 Text Books

Design & Developed by: PIET Central Library
R70 Miles Stone Pattikalyana Samalkha Panipat 132102
mail ID :- [email protected], Phone No:- 0180-2569700 Ex.216